<?xml version="1.0" encoding="UTF-8"?>
<marc:record xmlns:marc="http://www.loc.gov/MARC21/slim">
   <marc:leader>00000nam a2200000 a 4500</marc:leader>
   <marc:datafield ind1=" " ind2=" " tag="653">
      <marc:subfield code="a">DVDD</marc:subfield>
   </marc:datafield>
   <marc:datafield ind1=" " ind2=" " tag="653">
      <marc:subfield code="a">Engl.</marc:subfield>
   </marc:datafield>
   <marc:datafield ind1=" " ind2=" " tag="653">
      <marc:subfield code="a">Fernsehserie</marc:subfield>
   </marc:datafield>
   <marc:datafield ind1=" " ind2=" " tag="653">
      <marc:subfield code="a">Krimi</marc:subfield>
   </marc:datafield>
   <marc:datafield ind1=" " ind2=" " tag="653">
      <marc:subfield code="a">Video</marc:subfield>
   </marc:datafield>
   <marc:datafield ind1="0" ind2="0" tag="245">
      <marc:subfield code="a">Happy Valley - In einer kleinen Stadt</marc:subfield>
   </marc:datafield>
   <marc:datafield ind1="0" ind2="0" tag="245">
      <marc:subfield code="b">Staffel.1</marc:subfield>
   </marc:datafield>
   <marc:datafield ind1="1" ind2=" " tag="520">
      <marc:subfield code="a">Im Mittelpunkt der preisgekrönten Crime-Drama-Serie steht das berufliche und private Schicksal der engagierten und hart arbeitenden Polizistin Catherine Cawood. Als Tommy Lee Rogers, der Mann, von dem sie glaubt, er sei verantwortlich für den Tod ihrer Tochter, aus dem Gefängnis entlassen wird, gerät ihre Welt aus den Fugen.&#xD;
Ihr neuester Fall, eine missglückte Entführung, entwickelt sich zum persönlichen Albtraum, denn auch Tommy Lee Rogers ist darin verwickelt...&#xD;
&#xD;
Packend erzählt, ungeschönt inszeniert und unter die Haut gehend. "Happy Valley" besticht durch die Zutaten, die eine düstere und fesselnde Krimi-Serie auszeichnen</marc:subfield>
   </marc:datafield>
</marc:record>
